Faculty of Law Library — Cairo University

Official Online Catalog

التمثيل الدبلوماسي الدائم الإيجابي و السلبي للمملكة العربية السعودية مع الدول الأخري . (Record no. 65709)

MARC details
000 -LEADER
fixed length control field 01259nam a2200301 4500
003 - CONTROL NUMBER IDENTIFIER
control field EG-GICUC
005 - DATE AND TIME OF LATEST TRANSACTION
control field 20260307201847.0
008 - FIXED-LENGTH DATA ELEMENTS--GENERAL INFORMATION
fixed length control field 260307s1984 su ||||fr|||| 00| 0 ara d
040 ## - CATALOGING SOURCE
Original cataloging agency EG-GICUC
Language of cataloging ara
Transcribing agency EG-GICUC
Modifying agency EG-GICUC
Description conventions rda
041 0# - LANGUAGE CODE
Language code of text/sound track or separate title ara
082 04 - DEWEY DECIMAL CLASSIFICATION NUMBER
Edition number 21
Classification number 341.33
Item number م ح . ت
092 04 - LOCALLY ASSIGNED DEWEY CALL NUMBER (OCLC)
Edition number 21
099 ## - LOCAL FREE-TEXT CALL NUMBER (OCLC)
Classification number Law1 11 341.33 م ح . ت 1984
100 0# - MAIN ENTRY--PERSONAL NAME
Personal name محمد عمر المدني
Relator term مؤلف.
245 1# - TITLE STATEMENT
Title التمثيل الدبلوماسي الدائم الإيجابي و السلبي للمملكة العربية السعودية مع الدول الأخري .
Medium الكتاب الأول /
Statement of responsibility, etc. محمد عمر المدني .
250 ## - EDITION STATEMENT
Edition statement الطبعة الثانية
264 #1 - PRODUCTION, PUBLICATION, DISTRIBUTION, MANUFACTURE, AND COPYRIGHT NOTICE
Place of production, publication, distribution, manufacture المملكة العربية السعودية :
Name of producer, publisher, distributor, manufacturer معهد الدراسات الدبلوماسية ،
Date of production, publication, distribution, manufacture, or copyright notice 1984 .
300 ## - PHYSICAL DESCRIPTION
Extent 187 صفحة ؛
Dimensions 26 سم.
336 ## - CONTENT TYPE
Source rda content
Content type term text
337 ## - MEDIA TYPE
Source rda media
Media type term Computer
338 ## - CARRIER TYPE
Source rda carrier
Carrier type term Online Resource
546 ## - LANGUAGE NOTE
Language note النص باللغة العربية
650 1# - SUBJECT ADDED ENTRY--TOPICAL TERM
Topical term or geographic name entry element القانون الدولي العام
650 1# - SUBJECT ADDED ENTRY--TOPICAL TERM
Topical term or geographic name entry element الدبلواسية و السلك الدبلوماسي
856 40 - ELECTRONIC LOCATION AND ACCESS
Uniform Resource Identifier <a href="https://fll.law.cu.edu.eg/fulltext/bks/B11-07628.pdf">https://fll.law.cu.edu.eg/fulltext/bks/B11-07628.pdf</a>
905 ## - Cataloger and Reviser Names
Cataloger Name: Logain Ashraf
942 ## - ADDED ENTRY ELEMENTS (KOHA)
Source of classification or shelving scheme Dewey Decimal Classification
Suppress in OPAC No
Koha item type Books
Edition 21
Holdings
Withdrawn status Lost status Source of classification or shelving scheme Damaged status Not for loan Collection Home library Current library Date acquired Source of acquisition Total checkouts Full call number Barcode Date last seen Copy number Price effective from Koha item type
    Dewey Decimal Classification   Not for loan القانون الدولي العام جــــامعة القــاهرة مكتبة كلية الحقوق - المبنى الرئيسي 07.03.2026 إهداء مكتبة الأستاذ الدكتور صلاح عامر   Law1 11 341.33 م ح . ت 1107628 1984 C1 B11-07628 07.03.2026 1 07.03.2026 Books

© All rights reserved — Faculty of Law, Cairo University

Implemented and Customized by: Eng. M. Mohamady